Civil rights digest / (Record no. 599467)
[ view plain ]
| 000 -LEADER | |
|---|---|
| fixed length control field | 01004nam a2200325 a 4500 |
| 001 - CONTROL NUMBER | |
| control field | vtls001350896 |
| 003 - CONTROL NUMBER IDENTIFIER | |
| control field | NLI |
| 005 - DATE AND TIME OF LATEST TRANSACTION | |
| control field | 20210627044208.0 |
| 008 - FIXED-LENGTH DATA ELEMENTS--GENERAL INFORMATION | |
| fixed length control field | 120625m1979uuuudcu f000 0 eng |
| 039 #9 - LEVEL OF BIBLIOGRAPHIC CONTROL AND CODING DETAIL [OBSOLETE] | |
| -- | 201206251742 |
| -- | VLOAD |
| 040 ## - CATALOGING SOURCE | |
| Original cataloging agency | NLI |
| Language of cataloging | eng |
| Transcribing agency | Datasoft_FOD_6 |
| Description conventions | AACR2 |
| 041 0# - LANGUAGE CODE | |
| Language code of text/sound track or separate title | eng |
| 044 ## - COUNTRY OF PUBLISHING/PRODUCING ENTITY CODE | |
| MARC country code | dcu |
| 082 04 - DEWEY DECIMAL CLASSIFICATION NUMBER | |
| Classification number | 323.40973 |
| 110 1# - MAIN ENTRY--CORPORATE NAME | |
| Corporate name or jurisdiction name as entry element | United States. |
| Subordinate unit | Commission Civil Right |
| 9 (RLIN) | 730175 |
| 245 10 - TITLE STATEMENT | |
| Title | Civil rights digest / |
| Statement of responsibility, etc. | United States, Commission Civil Right |
| 260 ## - PUBLICATION, DISTRIBUTION, ETC. | |
| Place of publication, distribution, etc. | Washington, D.C. : |
| Name of publisher, distributor, etc. | The Commission, |
| Date of publication, distribution, etc. | 1979- |
| 300 ## - PHYSICAL DESCRIPTION | |
| Extent | -v. ; |
| Dimensions | 28 cm. |
| 500 ## - GENERAL NOTE | |
| General note | Serial |
| 500 ## - GENERAL NOTE | |
| General note | Library has vol. II, no. 3 |
| 650 #0 - SUBJECT ADDED ENTRY--TOPICAL TERM | |
| Topical term or geographic name entry element | Human rights |
| Geographic subdivision | United States |
| 9 (RLIN) | 688209 |
| 650 #0 - SUBJECT ADDED ENTRY--TOPICAL TERM | |
| Topical term or geographic name entry element | Civil rights |
| Geographic subdivision | United States |
| 9 (RLIN) | 708633 |
| 710 2# - ADDED ENTRY--CORPORATE NAME | |
| Corporate name or jurisdiction name as entry element | Copyright Collection (Library of Congress) |
| 9 (RLIN) | 685390 |
| 887 ## - NON-MARC INFORMATION FIELD | |
| Content of non-MARC field | |
| 901 ## - LOCAL DATA ELEMENT A, LDA (RLIN) | |
| a | AD 81154 |
| b | 12.08.2010 |
| 902 ## - LOCAL DATA ELEMENT B, LDB (RLIN) | |
| a | U.S 323.40973 Un 3 |
| 904 ## - LOCAL DATA ELEMENT D, LDD (RLIN) | |
| l | C 5664 |
| 949 ## - LOCAL PROCESSING INFORMATION (OCLC) | |
| -- | VIRTUAITEM |
| -- | 10002 |
| -- | 100 |
| 6 | FOD000081154ENG |
| 942 ## - ADDED ENTRY ELEMENTS (KOHA) | |
| Source of classification or shelving scheme | Dewey Decimal Classification |
| Koha item type | Books |
| Withdrawn status | Lost status | Damaged status | Not for loan | Collection code | Home library | Current library | Shelving location | Date acquired | Total Checkouts | Full call number | Barcode | Date last seen | Price effective from | Koha item type |
|---|---|---|---|---|---|---|---|---|---|---|---|---|---|---|
| National Library of India | National Library of India | U.S 323.40973 Un 3 | FOD000081154ENG | 27/06/2021 | 27/06/2021 | Books |
